Visualizzazione normale
Vista MARC
- Biblia
di Uniform Title
Records bibliografici associati: 1
001 - CONTROL NUMBER
- control field: 57671
003 - CONTROL NUMBER IDENTIFIER
- control field:
005 - DATE AND TIME OF LATEST TRANSACTION
- control field: 20190322170547.0
008 - FIXED-LENGTH DATA ELEMENTS
- fixed length control field: 190322|| aca||aabn | a|a d
040 ## - CATALOGING SOURCE
- Original cataloging agency:
- Transcribing agency:
130 ## - HEADING--UNIFORM TITLE
- Uniform title: Biblia
- Name of part/section of a work: N.T.
- General subdivision: Epistolae s. Pauli
- Language of a work: ita
- Title of a work: Efesini
670 ## - SOURCE DATA FOUND
- Source citation: Work cat.: ()0: Montagnini, Felice. 1923- 57669, Lettera agli Efesini :, c1994.